[Event "Wch Blitz"]
[Site "Almaty"]
[Date "2022.12.29"]
[Round "4"]
[White "Akhilbay, Imangali"]
[Black "Christiansen, Johan Sebastian"]
[Result "0-1"]
[WhiteElo "2003"]
[BlackElo "2501"]
[PlyCount "88"]
[EventDate "2022.12.29"]
[EventType "swiss (blitz)"]
[EventRounds "21"]
[EventCountry "KAZ"]
[SourceTitle "CBM 212"]
[Source "ChessBase"]
[SourceDate "2023.02.28"]
[SourceVersion "1"]
[SourceVersionDate "2023.02.28"]
[SourceQuality "1"]

1. d4 Nf6 2. Bf4 Nh5 3. Bg5 h6 4. Bd2 c5 5. e4 Nf6 6. e5 Ne4 7. Be3 cxd4 8. Qxd4 Ng5 9. f4 Ne6 10. Qd2 g6 11. Nc3 Nc6 12. Nf3 Ng7 13. Bc4 Nf5 14. Bf2 h5 15. Ne4 Bg7 16. Nfg5 Nh6 17. h3 Qc7 18. Bb3 Na5 19. Nd6+ exd6 20. exd6 Qd8 21. Qe2+ Kf8 22. Bd5 Bxb2 23. 0-0 Qf6 24. Ne4 Qf5 25. Rfd1 Bxa1 26. Ng3 Qf6 27. Ne4 Qg7 28. Ng5 Qf6 29. Ne4 Qb2 30. Qe3 Nf5 31. Qd3 Qg7 32. c3 Nc6 33. Rxa1 h4 34. Re1 Rh5 35. Ng5 Qf6 36. Qe2 Kg7 37. Qe8 Nxd6 38. Qe2 Qxf4 39. Nf3 Nf5 40. Bxc6 dxc6 41. Qe8 Rh8 42. Qe2 Be6 43. Bd4+ Nxd4 44. cxd4 Rad8 0-1

[Event "Wch Rapid"]
[Site "Almaty"]
[Date "2022.12.28"]
[Round "10"]
[White "Akhilbay, Imangali"]
[Black "Averin, Nikolay"]
[Result "1/2-1/2"]
[WhiteElo "1963"]
[BlackElo "2240"]
[PlyCount "66"]
[EventDate "2022.12.26"]
[EventType "swiss (rapid)"]
[EventRounds "13"]
[EventCountry "KAZ"]
[SourceTitle "CBM 212"]
[Source "ChessBase"]
[SourceDate "2023.02.28"]
[SourceVersion "1"]
[SourceVersionDate "2023.02.28"]
[SourceQuality "1"]

1. e4 c5 2. Nf3 d6 3. Nc3 Nf6 4. e5 dxe5 5. Nxe5 Nbd7 6. d4 Nxe5 7. dxe5 Qxd1+ 8. Kxd1 Ng4 9. Bb5+ Bd7 10. e6 Bxb5 11. Nxb5 0-0-0+ 12. Ke2 a6 13. Nc3 f5 14. Na4 Rd6 15. Nxc5 b6 16. Nd3 Rxe6+ 17. Kf1 g6 18. f3 Nf6 19. Bd2 Bg7 20. Bc3 Bh6 21. Re1 Rxe1+ 22. Kxe1 Re8 23. Kf2 Nd5 24. Bd4 Kb7 25. Re1 e6 26. g3 g5 27. c3 Bf8 28. Ne5 h6 29. Rd1 Rd8 30. Re1 Re8 31. Rd1 Rd8 32. Re1 Re8 33. Rd1 Rd8 1/2-1/2

[Event "Wch Rapid"]
[Site "Almaty"]
[Date "2022.12.28"]
[Round "13"]
[White "Kazakov, Konstantin"]
[Black "Akhilbay, Imangali"]
[Result "1-0"]
[WhiteElo "2311"]
[BlackElo "1963"]
[PlyCount "45"]
[EventDate "2022.12.26"]
[EventType "swiss (rapid)"]
[EventRounds "13"]
[EventCountry "KAZ"]
[SourceTitle "CBM 212"]
[Source "ChessBase"]
[SourceDate "2023.02.28"]
[SourceVersion "1"]
[SourceVersionDate "2023.02.28"]
[SourceQuality "1"]

1. d4 d5 2. Nf3 e6 3. Bf4 Nf6 4. Nbd2 Bd6 5. e3 0-0 6. c3 b6 7. Ne5 Bb7 8. Bd3 c5 9. 0-0 Qc7 10. Qf3 Nbd7 11. Qg3 c4 12. Nxd7 Qxd7 13. Bxd6 cxd3 14. Bxf8 Rxf8 15. f3 Rc8 16. Qe1 Qb5 17. Rb1 Qa4 18. a3 Qc2 19. Qd1 Ba6 20. Rf2 Bb5 21. Qxc2 dxc2 22. Rc1 Bd3 23. Nb3 1-0